| 000 | 00375nam a2200157Ia 4500 | ||
|---|---|---|---|
| 008 | 151213s9999 xx 000 0 und d | ||
| 100 | _aTaimur Khan | ||
| 245 |
_aCoral draw . X3 , Version - 13 _cTaimur Khan |
||
| 250 | _a2nd | ||
| 260 |
_aDhaka _bSysteck _c2006 |
||
| 300 | _a3521 p. | ||
| 650 | _aComputer | ||
| 650 | _aComputer | ||
| 700 | _aTaimur Khan | ||
| 999 |
_c2328 _d2328 |
||